The Footsteps of the Flock: (Record no. 3993)

MARC details
000 -LEADER
fixed length control field 00589nam a22001937a 4500
003 - CONTROL NUMBER IDENTIFIER
control field GBCCL
005 - DATE AND TIME OF LATEST TRANSACTION
control field 20241126110508.0
008 - FIXED-LENGTH DATA ELEMENTS--GENERAL INFORMATION
fixed length control field 171219b xxu||||| |||| 00| 0 eng d
020 ## - INTERNATIONAL STANDARD BOOK NUMBER
International Standard Book Number 0801060362
040 ## - CATALOGING SOURCE
Transcribing agency gbc
082 ## - DEWEY DECIMAL CLASSIFICATION NUMBER
Classification number 252.6
Item number MOR
100 ## - MAIN ENTRY--PERSONAL NAME
Personal name Morrison, George H.
9 (RLIN) 7754
245 ## - TITLE STATEMENT
Title The Footsteps of the Flock:
Remainder of title 104 Morning and Evening Expositions for Each Sunday of the Year /
Statement of responsibility, etc. George H. Morrison
260 ## - PUBLICATION, DISTRIBUTION, ETC.
Place of publication, distribution, etc. Michigan:
Name of publisher, distributor, etc. Baker Book House,
Date of publication, distribution, etc. 1977
300 ## - PHYSICAL DESCRIPTION
Extent 388 p.;
Dimensions 18 cm.
440 ## - SERIES STATEMENT/ADDED ENTRY--TITLE
Title Minister's Paperback Library
9 (RLIN) 7755
650 ## - SUBJECT ADDED ENTRY--TOPICAL TERM
Topical term or geographic name entry element Sermons
9 (RLIN) 6067
942 ## - ADDED ENTRY ELEMENTS (KOHA)
Source of classification or shelving scheme Dewey Decimal Classification
Koha item type Books
Holdings
Withdrawn status Lost status Source of classification or shelving scheme Damaged status Not for loan Home library Current Library Shelving location Date acquired Total checkouts Full call number Barcode Date last seen Copy number Price effective from Koha item type
    Dewey Decimal Classification     GRACE BIBLE COLLEGE GRACE BIBLE COLLEGE Ministry & Mission 2017-12-19   252.6 MOR 006336 2025-05-01 c.1 2017-12-19 Books
© Grace Bible College Library 2025